Isabel II y los inicios de Santander como ciudad de veraneo / (Record no. 188626)

MARC details
000 -LEADER
campo de control de longitud fija 00991nam a2200253 i 4500
001 - NÚMERO DE CONTROL
campo de control 188626
003 - IDENTIFICADOR DE NÚMERO DE CONTROL
campo de control SpMaBN
005 - FECHA Y HORA DE LA ÚLTIMA TRANSACCIÓN
campo de control 20251013194933.0
008 - DATOS DE LONGITUD FIJA--INFORMACIÓN GENERAL
campo de control de longitud fija 190114s2007 sp ae |||| |dspa d
020 ## - NÚMERO INTERNACIONAL ESTÁNDAR DEL LIBRO
Número Internacional Estándar del Libro 978-84-96042-51-3
080 ## - NÚMERO DE LA CLASIFICACIÓN DECIMAL UNIVERSAL
Número de la Clasificación Decimal Universal 929 Isabel (460) II
080 ## - NÚMERO DE LA CLASIFICACIÓN DECIMAL UNIVERSAL
Número de la Clasificación Decimal Universal 94(460.13 S.)"18"
100 1# - ENTRADA PRINCIPAL--NOMBRE DE PERSONA
Nombre de persona Casado Cimiano, Pedro.
9 (RLIN) 36014
245 10 - MENCIÓN DEL TÍTULO
Título Isabel II y los inicios de Santander como ciudad de veraneo /
Mención de responsabilidad, etc. Pedro Casado Cimiano, Mario Crespo López.
260 ## - PUBLICACIÓN, DISTRIBUCIÓN, ETC.
Lugar de publicación, distribución, etc. Torrelavega :
Nombre del editor, distribuidor, etc. Cantabria Tradicional,
Fecha de publicación, distribución, etc. [2007]
300 ## - DESCRIPCIÓN FÍSICA
Extensión 142 p. :
Otras características físicas il. col. y n., planos ;
Dimensiones 25 cm.
504 ## - NOTA DE BIBLIOGRAFÍA, ETC.
Nota de bibliografía, etc. Bibliografía: p. 137-140.
600 07 - PUNTO DE ACCESO ADICIONAL DE MATERIA--NOMBRE DE PERSONA
Nombre de persona Isabel
Numeración II,
Títulos y otros términos asociados al nombre Reina de España-
Subdivisión general Viajes
Fuente del encabezamiento o término
9 (RLIN) 141060
651 ## - PUNTO DE ACCESO ADICIONAL DE MATERIA--NOMBRE GEOGRÁFICO
Nombre geográfico Santander-
Subdivisión general Historia-
Subdivisión cronológica S.XIX.
9 (RLIN) 165959
700 1# - ENTRADA AGREGADA--NOMBRE PERSONAL
Nombre de persona Crespo López, Mario.
9 (RLIN) 145687
852 ## - LOCALIZACIÓN
Ubicación ES-MaACL
Número de control de estantería A-14296
itemnumber 195757
Sublocalización o colección R.151694
Ubicación en estantería Depósito 1
Signatura antigua Olim: N-7296
Anotaciones manuscritas Dedicatoria autógrafa del alcalde de Santander Íñigo de la Serna
942 ## - ELEMENTOS DE ENTRADA SECUNDARIOS (KOHA)
Fuente del sistema de clasificación o colocación Clasificación decimal universal
Tipo de ítem Koha Libro impreso
Holdings
Estatus retirado Estado de pérdida Fuente del sistema de clasificación o colocación Estado de daño No para préstamo Colección Biblioteca de origen Biblioteca actual Ubicación en estantería Fecha de adquisición Fuente de adquisición Total de préstamos Signatura topográfica completa Código de barras Visto por última vez Precio de reemplazo Tipo de ítem Koha Nota pública
    Clasificación decimal universal     Libros con dedicatorias Biblioteca del Ateneo de Madrid Biblioteca del Ateneo de Madrid Depósito 1 14/01/2019 Donación   N-7296 1199616 23/02/2023 23/02/2023 Libro impreso Dedicatoria autógrafa del alcalde de Santander Íñigo de la Serna